000 00204nam a22000857a 4500
008 161210b xxu||||| |||| 00| 0 eng d
100 _91968
_aAgarwal.M.A.
245 _aPlay with Graphs
260 _aUP
_bAPC
_c2008
999 _c4764
_d4764